00914 a2200181 45000010006000000050017000060080041000230030015000640400040000790800104001192450022002230200018002452640033002633000025002965050272003211000026005938560113006192095220260407155502.0260407a2004 arg spa dAR-UNSa-BCEJYS aAR-UNSa-BCEJYSbspacAR-UNSa-BCEJYS a347.736xQuiebra. Insolvencia. Suspensión de pagos. Bancarrota, procedimientos. Derecho Concursal10aDerecho concursal a987-03-0174-6 1aBuenos Aires :bLa Leyc2004 axlii, 906 p.c26 cm. a1. La compensación y el concurso preventivo - 2. La prioridad de los acreedores sobre los accionistas en el chapter 11 de Bankruptcy Code y en la Ley Concursal Argentina - 3. El abuso del proceso en los pedidos de quiebra y procedimientos concursales preventivos - 1 aRouillon, Adolfo A.N.41uhttps://biblioeco.unsa.edu.ar/pmb/images/libros/Derecho Concursal2-l87394.jpgyImagen de portadaqimage/jpeg